[Event "It (open) \"]
[Site "Berlin (Germany)"]
[Round "4"]
[White "Schild Christoph (GER)"]
[Black "Gross David (GER)"]
[Result "0-1"]
[WhiteElo "2288"]
[BlackElo "2305"]

1.c4 g6 2.g3 Bg7 3.Bg2 e5 4.Nc3 Nc6 5.d3 d6 6.Bd2 f5 7.e3 Nf6 8.Nge2 O-O 9.a3
Be6 10.Nd5 e4 11.Nef4 Bf7 12.Nxf6+ Qxf6 13.Bc3 Ne5 14.O-O c6 15.Rc1 d5 16.Bxe5
Qxe5 17.d4 Qd6 18.c5 Qe7 19.Qd2 g5 20.Ne2 Rae8 21.Rc3 Bh6 22.b4 Bh5 23.Rb1 a6
24.a4 Qg7 25.h3 Bf3 26.Bxf3 exf3 27.Nc1 g4 28.Nd3 gxh3 29.Re1 h2+ 30.Kxh2 Qg4
31.Nf4 Rf6 32.Nh3 Bg5 33.Nxg5 Rh6+ 34.Kg1 Qh5 {#R} 0-1

[Event "It (open) \"]
[Site "Boca (Argentina)"]
[Round "4"]
[White "Gamarian Gaguik (ARM)"]
[Black "Fiorito Fabian (ARG)"]
[Result "0-1"]
[WhiteElo "2192"]
[BlackElo "2465"]

1.c4 g6 2.Nc3 Bg7 3.g3 d6 4.Bg2 e5 5.d3 Nc6 6.e4 h5 7.Nf3 Bg4 8.h3 Bxf3 9.Bxf3
h4 10.g4 Nd4 11.Bg2 Bh6 12.Ne2 Nxe2 13.Qxe2 Bxc1 14.Rxc1 Ne7 15.O-O g5 16.d4
Nc6 17.dxe5 dxe5 18.c5 Nd4 19.Qc4 O-O 20.Rfe1 Qe7 21.b4 c6 22.a4 Rad8 23.Rcd1
Qf6 24.Rd3 Rd7 25.Red1 Rfd8 26.R1d2 Qf4 27.Rd1 Kg7 28.R1d2 Ne2+ 29.Kf1 Qxd2
30.Rxd2 Rxd2 31.Bf3 Nf4 32.Ke1 R8d4 33.Qf1 Ra2 {#R} 0-1

[Event "Tournament"]
[Site "Castellaneta (Italy)"]
[Round "0"]
[White "Campanile Antonio (ITA)"]
[Black "Cucinella Vincenzo (ITA)"]
[Result "0-1"]
[WhiteElo "2099"]
[BlackElo "2178"]

1.c4 g6 2.g3 Bg7 3.Bg2 e5 4.d3 d6 5.Nc3 Nc6 6.Rb1 Nf6 7.b4 O-O 8.e3 Bg4 9.Nge2
Qc8 10.O-O Bh3 11.b5 Ne7 12.e4 Bxg2 13.Kxg2 Nh5 14.Ng1 h6 15.Bd2 f5 16.Qe2 f4
17.Nd5 Nxd5 18.cxd5 Qd7 19.Rfc1 Rf7 20.f3 fxg3 21.hxg3 Raf8 22.a4 g5 23.Be1
Nf6 24.Ba5 b6 25.Bd2 Nh5 26.Be3 Bf6 27.Rc6 Rg7 28.Rbc1 Bd8 29.Rf1 Nf4+ 30.gxf4
gxf4+ 31.Kh1 fxe3 32.Qxe3 Bg5 33.f4 Rxf4 34.Rxf4 Bxf4 35.Qf3 Rg4 36.Ne2 Rh4+
37.Kg1 Bd2 38.Rxc7 Qxc7 39.Qg3+ Qg7 {#R} 0-1

[Event "Czech League 1996/97 (1st) (c)"]
[Site "Czech Republic"]
[Round "0"]
[White "Paulovic Martin (CZE)"]
[Black "Vejmelek Milan (CZE)"]
[Result "1-0"]
[WhiteElo "2133"]
[BlackElo "2109"]

1.c4 e5 2.Nc3 Nc6 3.g3 g6 4.Bg2 Bg7 5.d3 d6 6.Bd2 f5 7.Rb1 a5 8.a3 Nf6 9.e3
O-O 10.Nge2 Ne7 11.O-O c6 12.b4 axb4 13.axb4 Be6 14.Qc2 d5 15.c5 d4 16.exd4
exd4 17.Na4 Nfd5 18.Rfe1 Bf7 19.Bg5 Re8 20.Nf4 Nxf4 21.Bxf4 Nd5 22.Bd2 Qf6
23.b5 f4 24.Nb6 Nxb6 25.bxc6 Rxe1+ 26.Rxe1 Ra2 27.Qc1 fxg3 28.hxg3 Bh6 29.cxb7
Nd7 30.f4 g5 31.c6 gxf4 32.cxd7 Qd6 33.Qc8+ {#r} 1-0

[Event "It (open)"]
[Site "Dieren (Netherlands)"]
[Round "0"]
[White "Miezis Normunds (LAT)"]
[Black "De Vilder Hans (NED)"]
[Result "1-0"]
[WhiteElo "2515"]
[BlackElo "2143"]

1.c4 e5 2.Nc3 d6 3.g3 Nc6 4.Bg2 g6 5.d3 Bg7 6.e4 f5 7.h4 Nf6 8.h5 O-O 9.hxg6
hxg6 10.Bg5 Nd4 11.exf5 gxf5 12.Nd5 c6 13.Nxf6+ Rxf6 14.Bxf6 Qxf6 15.Ne2 Nxe2
16.Qxe2 Be6 17.O-O-O d5 18.cxd5 cxd5 19.Kb1 a5 20.f4 e4 21.d4 Bd7 22.Bh3 Rc8
23.g4 Rc4 24.gxf5 Ba4 25.Rd2 Rxd4 26.Rg1 Be8 27.Rxd4 Qxd4 28.Rd1 Qc5 29.f6
Bxf6 30.Be6+ Bf7 31.Qg4+ Kf8 32.Bxf7 Kxf7 33.Qd7+ Kf8 {#r} 1-0

[Event "Ch France (team) 1996/97"]
[Site "France"]
[Round "4"]
[White "Ebalard Marc (FRA)"]
[Black "Mollov Ergin (BUL)"]
[Result "1-0"]
[WhiteElo "2206"]
[BlackElo "2390"]

1.c4 g6 2.Nc3 Bg7 3.g3 e5 4.Bg2 d6 5.d3 Nc6 6.e3 Nge7 7.Nge2 h5 8.h4 Bg4 9.Qa4
O-O 10.Bd2 a6 11.a3 Re8 12.Rc1 Qd7 13.Qc2 Rab8 14.Nd5 e4 15.dxe4 Ne5 16.Bc3
Nxd5 17.exd5 Nf3+ 18.Kf1 b5 19.Bxg7 Kxg7 20.Qc3+ Kg8 21.Nd4 Nxd4 22.Qxd4 Qf5
23.e4 Qc8 24.c5 dxc5 25.Rxc5 b4 26.a4 Rd8 27.Kg1 c6 28.Kh2 Qd7 29.Rhc1 cxd5
30.Rc7 Qxa4 31.Qf6 Rf8 32.exd5 Qb5 33.Be4 Rbe8 34.Bxg6 Qxd5 35.R1c5 Qe6
36.Bxf7+ Qxf7 37.Rg5+ {#r} 1-0

[Event "Oberliga NRW 1996/97"]
[Site "Germany"]
[Round "7"]
[White "Okrajek Alexander (GER)"]
[Black "Kos Sebastian (GER)"]
[Result "1-0"]
[WhiteElo "2270"]
[BlackElo "2208"]

1.c4 g6 2.Nc3 Bg7 3.g3 e5 4.Bg2 d6 5.d3 Nc6 6.Rb1 a5 7.a3 Nf6 8.b4 axb4 9.axb4
Ne7 10.Bb2 O-O 11.Ra1 Rb8 12.Nf3 h6 13.O-O Be6 14.Qc2 Qd7 15.Rfd1 Nh5 16.c5 f5
17.Qa4 b5 18.cxb6 Rxb6 19.Qxd7 Bxd7 20.Ra7 Rc8 21.Nd2 Nc6 22.Bxc6 Bxc6 23.b5
Rb7 24.Rda1 Rxa7 25.Rxa7 Ba8 26.Nc4 d5 27.Na5 Nf6 28.Na4 Nd7 29.f4 Kf8 30.fxe5
Bxe5 31.Bxe5 Nxe5 32.Nc5 Ke8 33.Nab3 Nf7 34.Ne6 Kd7 35.Nbc5+ Kd6 36.d4 Nd8
37.Ra6+ c6 38.Nxd8 Rxd8 39.b6 Rb8 40.Ra7 {#r} 1-0

[Event "It (open) (b)"]
[Site "Hassloch (Germany)"]
[Round "4"]
[White "Busch Lorenz (GER)"]
[Black "Schneider Friedhelm (GER)"]
[Result "1-0"]
[WhiteElo "2092"]
[BlackElo "2051"]

1.c4 g6 2.Nc3 Bg7 3.g3 Nc6 4.Bg2 e5 5.d3 d6 6.Rb1 a5 7.Bd2 f5 8.a3 Be6 9.Nh3
h6 10.O-O Nf6 11.f4 Qd7 12.b4 axb4 13.axb4 O-O 14.b5 Nd8 15.Ra1 Rxa1 16.Qxa1
e4 17.Qa5 exd3 18.exd3 Ng4 19.Qa7 c6 20.Rb1 Re8 21.Nf2 Nxf2 22.Kxf2 Qe7
23.bxc6 Nxc6 24.Qxb7 Bd4+ 25.Kf1 Qxb7 26.Rxb7 Nd8 27.Rb8 Kf7 28.Nb5 Bc5 29.Bd5
{#r} 1-0

[Event "It (open) \"]
[Site "Hlohovec (Slovakia)"]
[Round "0"]
[White "Davidovic Miroslav (SVK)"]
[Black "Priehoda Vitezslav (CZE)"]
[Result "0-1"]
[WhiteElo "1911"]
[BlackElo "2400"]

1.c4 e5 2.Nc3 Nc6 3.g3 g6 4.Bg2 Bg7 5.d3 d6 6.e4 Nge7 7.Nge2 O-O 8.O-O f5 9.f4
Kh8 10.Rb1 Be6 11.Nd5 fxe4 12.dxe4 Qd7 13.Be3 Bg4 14.Qd2 Rae8 15.Rbe1 a6 16.b4
b5 17.c5 exf4 18.Nexf4 Ne5 19.Nxc7 Nc4 20.Nxe8 Nxd2 21.Nxg7 Nxf1 22.Bd4 dxc5
23.Ba1 Kg8 24.Rxf1 g5 25.Nd5 Rxf1+ 26.Kxf1 Nxd5 27.exd5 Qe7 28.h3 Qe2+ 29.Kg1
Qe1+ 30.Kh2 Qxa1 31.hxg4 Kxg7 32.bxc5 Qc3 33.c6 Qc5 {#R} 0-1

[Event "Ch World Cities"]
[Site "Jakarta (Indonesia)"]
[Round "2"]
[White "Choong Gregory (SIN)"]
[Black "Goh Weiming (SIN)"]
[Result "0-1"]
[WhiteElo "2168"]
[BlackElo "2449"]

1.c4 Nc6 2.Nc3 e5 3.g3 g6 4.Bg2 Bg7 5.d3 d6 6.Rb1 f5 7.e3 Nf6 8.Nge2 O-O 9.O-O
h6 10.b4 Ne7 11.b5 Kh7 12.a4 Rb8 13.a5 Be6 14.Qa4 Nd7 15.Nd5 Nc6 16.Qc2 Bxd5
17.cxd5 Qe7 18.Ba3 b6 19.axb6 Rbe8 20.d4 exd4 21.exd4 Nce5 22.Nf4 Rf7 23.Rfd1
Nf8 24.Qe4 {#R} 0-1

[Event "It (open) (a)"]
[Site "Koszalin (Poland)"]
[Round "1"]
[White "Markowski Tomasz (POL)"]
[Black "Szelag Marcin (POL)"]
[Result "1-0"]
[WhiteElo "2515"]
[BlackElo "2290"]

1.g3 g6 2.Bg2 Bg7 3.c4 d6 4.Nc3 e5 5.d3 Nc6 6.e3 Nge7 7.Nge2 h5 8.h3 O-O 9.O-O
Be6 10.Nd5 Nf5 11.Rb1 Nce7 12.e4 Nh6 13.f4 c6 14.Nxe7+ Qxe7 15.f5 gxf5 16.Nc3
f6 17.Qxh5 Qf7 18.Qxf7+ Kxf7 19.Bxh6 Bxh6 20.exf5 Be3+ 21.Kh2 Bd7 22.b4 a6
23.a4 Ke7 24.Be4 Rh8 25.Rb3 Kd8 26.b5 axb5 27.axb5 Bd4 28.h4 Kc7 29.Rfb1 Bc8
30.bxc6 bxc6 31.Nb5+ Kd7 32.Nxd4 exd4 33.Rb6 Ra2+ 34.Kh3 c5 35.Rc6 {#r} 1-0

[Event "Ch Moscow (for the Deaf) (final)"]
[Site "Moscow (Russia)"]
[Round "0"]
[White "Nadvikov Roman (RUS)"]
[Black "Ivanov Michail (RUS)"]
[Result "0-1"]
[WhiteElo "2247"]
[BlackElo "1856"]

1.c4 e5 2.Nc3 Nc6 3.g3 g6 4.Bg2 Bg7 5.d3 d6 6.Rb1 Nf6 7.b4 a6 8.Nf3 O-O 9.O-O
Nd4 10.e3 Nxf3+ 11.Qxf3 c6 12.h3 Be6 13.e4 Nh5 14.g4 Nf4 15.Ne2 Nxg2 16.Qxg2
b5 17.cxb5 Bxa2 18.Ra1 axb5 19.Be3 Qd7 20.Rfc1 Be6 21.Nc3 f5 22.f3 d5 23.Bc5
Rfd8 24.Qc2 fxe4 25.fxe4 Bh6 26.Rf1 d4 27.Rxa8 Rxa8 28.Nb1 Ra2 29.Qd1 Bf4
30.Qf3 h5 31.gxh5 Bxh3 32.Rf2 Bg4 33.Qxf4 exf4 34.Rxa2 Qd8 35.hxg6 Qh4 36.Rf2
Qg3+ 37.Rg2 Qe3+ 38.Rf2 Bh3 {#R} 0-1

[Event "Ch Poland (1/2 final) (w)"]
[Site "Poraj (Poland)"]
[Round "0"]
[White "Jasik Anna (POL)"]
[Black "Kucypera Malgorzata (POL)"]
[Result "1-0"]
[WhiteElo "1948"]
[BlackElo "2050"]

1.c4 e5 2.Nc3 Nc6 3.g3 g6 4.Bg2 Bg7 5.d3 d6 6.a3 Be6 7.Rb1 Nge7 8.Nf3 h6 9.O-O
Qd7 10.Re1 O-O 11.Ne4 f5 12.Ned2 g5 13.Nf1 Ng6 14.Bxg5 hxg5 15.Nxg5 f4 16.Nxe6
Rf6 17.Ng5 Raf8 18.e3 fxg3 19.Bd5+ R8f7 20.fxg3 Nd8 21.Nd2 c6 22.Bxf7+ Nxf7
23.Nxf7 Rxf7 24.Qh5 Ne7 25.Rf1 Rf5 26.Rxf5 Nxf5 27.Qg4 Qf7 28.Rf1 {#r} 1-0

[Event "Tournament (2)"]
[Site "Prokopjevsk (Russia)"]
[Round "0"]
[White "Yankin Vadim (RUS)"]
[Black "Smirnov Pavel (RUS)"]
[Result "0-1"]
[WhiteElo "2379"]
[BlackElo "2355"]

1.c4 g6 2.Nc3 Bg7 3.g3 d6 4.Bg2 e5 5.d3 Nc6 6.Rb1 a5 7.Nd5 Nd4 8.e3 Ne6 9.Ne2
c6 10.Ndc3 Ne7 11.e4 O-O 12.O-O h6 13.Kh1 Nd4 14.f4 Bg4 15.h3 Nxe2 16.Nxe2 Be6
17.b3 f5 18.d4 fxe4 19.dxe5 dxe5 20.Ba3 Qe8 21.g4 b5 22.Bxe4 Rd8 23.Qc2 b4
24.Bb2 h5 25.f5 Bc8 26.fxg6 hxg4 27.Rbc1 Bh6 28.Rxf8+ Qxf8 29.Rd1 Nxg6 30.Bxc6
Rxd1+ 31.Qxd1 Qf6 32.Bd5+ Kg7 33.Qe1 Be3 34.Ng1 Bf2 35.Qc1 Nf4 36.Bg2 Bb7 {#R}
0-1

[Event "It (open)"]
[Site "Pula (Croatia)"]
[Round "3"]
[White "Fucak Emilijo (CRO)"]
[Black "Markic Mario (CRO)"]
[Result "0-1"]
[WhiteElo "2265"]
[BlackElo "2101"]

1.c4 e5 2.Nc3 Nc6 3.g3 g6 4.Bg2 Bg7 5.d3 d6 6.Bd2 f5 7.Rc1 Nf6 8.Nd5 Ne7 9.b4
O-O 10.Nxf6+ Bxf6 11.h4 c6 12.Nh3 h5 13.Bg5 d5 14.cxd5 cxd5 15.Qb3 Be6 16.Bxf6
Rxf6 17.Ng5 Qd6 18.O-O f4 19.e4 f3 20.Bxf3 Rxf3 21.Nxf3 dxe4 22.Qc2 exf3 23.d4
Qxd4 24.Qc7 Qg4 25.Qxb7 Bd5 {#R} 0-1

[Event "It (open)"]
[Site "St. Ingbert (Germany)"]
[Round "6"]
[White "Bohn Christoph (GER)"]
[Black "Ptaschinski Dirk (GER)"]
[Result "1-0"]
[WhiteElo "1923"]
[BlackElo "2131"]

1.c4 g6 2.Nc3 Bg7 3.g3 e5 4.Bg2 d6 5.d3 Nc6 6.e4 Nge7 7.Nge2 Be6 8.Nd5 h6 9.b4
O-O 10.O-O Nd4 11.Nxd4 exd4 12.a4 Kh7 13.Bb2 c5 14.bxc5 dxc5 15.Nxe7 Qxe7
16.f4 Qd7 17.f5 gxf5 18.exf5 Bxf5 19.Rxf5 Qxf5 20.Be4 {#r} 1-0

[Event "It (open)"]
[Site "Sutton (England)"]
[Round "0"]
[White "Williams Simon (ENG)"]
[Black "Collinson Adam (ENG)"]
[Result "0-1"]
[WhiteElo "2310"]
[BlackElo "2400"]

1.c4 g6 2.Nc3 Bg7 3.g3 e5 4.Bg2 Nc6 5.d3 d6 6.e4 Nd4 7.Nce2 Ne6 8.Be3 Ne7 9.d4
exd4 10.Nxd4 O-O 11.Nge2 c5 12.Nxe6 Bxe6 13.Qc1 Qa5+ 14.Bd2 Qa6 15.b3 b5
16.Nf4 bxc4 17.Nxe6 fxe6 18.Bh3 d5 19.exd5 exd5 20.O-O Bxa1 21.Qxa1 d4 22.Bh6
Nf5 23.Bxf8 Rxf8 24.Qe1 c3 25.Bxf5 Rxf5 26.Qe8+ Rf8 27.Qd7 d3 28.Qd5+ Rf7
29.Qxc5 d2 30.Qd5 Kg7 31.g4 h6 32.h4 Qf6 33.g5 hxg5 34.hxg5 Qf4 35.Qc5 {#R}
0-1

[Event "Ch Europe (juniors) (under 20) (g)"]
[Site "Tallinn (Estonia)"]
[Round "11"]
[White "Aksiuczyc Monika (POL)"]
[Black "Javakhishvili Eka (GEO)"]
[Result "1-0"]
[WhiteElo "2257"]
[BlackElo "2100"]

1.c4 e5 2.Nc3 Nc6 3.g3 g6 4.Bg2 Bg7 5.d3 d6 6.Rb1 a5 7.a3 Nf6 8.b4 axb4 9.axb4
O-O 10.Nf3 h6 11.O-O Be6 12.b5 Ne7 13.Bb2 Qd7 14.c5 Nfd5 15.Nxd5 Bxd5 16.cxd6
cxd6 17.Bc3 Ba2 18.Rb2 e4 19.Bxg7 exf3 20.Bxf3 Kxg7 21.Qa1 {#r} 1-0

[Event "Ch Manitoba"]
[Site "Winnipeg (Canada)"]
[Round "5"]
[White "Baragar Fletcher (CAN)"]
[Black "Babb Jeff (CAN)"]
[Result "0-1"]
[WhiteElo "2310"]
[BlackElo "2144"]

1.c4 e5 2.Nc3 Nc6 3.g3 g6 4.Bg2 Bg7 5.d3 d6 6.e4 Nd4 7.Nce2 Nxe2 8.Nxe2 Ne7
9.O-O O-O 10.b4 Be6 11.Rb1 Qd7 12.Be3 c6 13.Qa4 a6 14.Qc2 Bh3 15.a4 Bxg2
16.Kxg2 f5 17.f3 Rf7 18.b5 c5 19.Nc3 a5 20.b6 Nc6 21.Rb5 Raf8 22.Ne2 h5 23.Bd2
h4 24.gxh4 fxe4 25.dxe4 Rxf3 26.Ng3 Rxf1 27.Nxf1 Qg4+ 28.Ng3 Qf3+ 29.Kh3 Nd4
30.Qc1 Ne2 31.Qh1 Qd3 32.Bg5 Rf3 33.Qb1 {#R} 0-1

[Event "Ch Reinland-Pfalz"]
[Site "Wittlich (Germany)"]
[Round "0"]
[White "Muellen Armin (GER)"]
[Black "Stewart Neil (GER)"]
[Result "0-1"]
[WhiteElo "2146"]
[BlackElo "2295"]

1.g3 g6 2.Bg2 Bg7 3.c4 d6 4.Nc3 e5 5.d3 Nc6 6.Nf3 f5 7.h4 Nf6 8.Nd5 h6 9.e3
Be6 10.Nd2 O-O 11.Nxf6+ Qxf6 12.a3 Qf7 13.Qc2 Kh8 14.b4 d5 15.c5 f4 16.O-O Bg4
17.Nb3 f3 18.Bh1 g5 19.hxg5 hxg5 20.e4 d4 21.Bxg5 Qh5 22.Bc1 Bf6 23.Nd2 Rf7
24.Nxf3 Qxh1+ 25.Kxh1 Bxf3+ 26.Kg1 Rh7 27.Qd1 Rh1# 0-1

[Event "Memorial V.Syre (open)"]
[Site "Issy Les Moulineaux (France)"]
[Round "0"]
[White "Martin Eric (FRA)"]
[Black "Filtres Benoit (FRA)"]
[Result "0-1"]
[WhiteElo "1816"]
[BlackElo "2035"]

1.c4 e5 2.Nc3 Nc6 3.g3 g6 4.Bg2 Bg7 5.d3 d6 6.Rb1 a5 7.a3 f5 8.e3 Be6 9.Nge2
Nf6 10.Qa4 O-O 11.Qb5 Bd7 12.Qb3 Qc8 13.Bd2 Rb8 14.Nd5 a4 15.Qxa4 Kh8 16.Qc2
g5 17.O-O Qe8 18.Nxf6 Rxf6 19.Nc3 f4 20.Nd5 Rh6 21.Qd1 g4 22.exf4 Qh5 23.h4
gxh3 24.Qxh5 Rxh5 25.Bf3 h2+ 26.Kh1 Rh3 27.Be3 exf4 28.Nxf4 Ne5 29.Nxh3 Bxh3
30.Bg2 Bf5 31.Rfd1 Bxd3 32.Kxh2 Bxb1 33.Rxb1 Nxc4 34.Bc1 b5 35.b3 Ne5 36.Bb2
Nd3 37.Bxg7+ Kxg7 38.f4 Kf6 39.Be4 {#R} 0-1

[Event "Staatsliga B South 1998/99"]
[Site "Austria"]
[Round "2"]
[White "Wegerer Fred (AUT)"]
[Black "Gelbmann Norbert (AUT)"]
[Result "1-0"]
[WhiteElo "2215"]
[BlackElo "2218"]

1.g3 g6 2.Bg2 Bg7 3.c4 d6 4.Nc3 e5 5.d3 Nc6 6.Rb1 f5 7.b4 Nf6 8.b5 Ne7 9.e3
O-O 10.Nge2 Kh8 11.O-O Nd7 12.Bb2 c6 13.bxc6 bxc6 14.Ba3 Nb6 15.Qc2 Be6
16.Rfd1 Rf6 17.Na4 Nd7 18.d4 g5 19.dxe5 Nxe5 20.Rd4 Qc7 21.Rbd1 Rd8 22.f4 Ng4
23.Qd2 d5 24.Nc5 Bc8 25.h3 gxf4 26.hxg4 fxg3 27.Nf4 Rh6 28.g5 Rhd6 29.Nb3 Ng6
30.Bxd6 Rxd6 31.Nxg6+ Rxg6 32.cxd5 c5 33.d6 Qd8 34.Nxc5 Bd7 35.Nxd7 Qxd7
36.Rc4 f4 37.Rxf4 Be5 38.Qd5 Bxf4 39.exf4 Re6 40.Bh3 {#r} 1-0

[Event "It (open)"]
[Site "Bad Zwesten (Germany)"]
[Round "2"]
[White "Miezis Normunds (LAT)"]
[Black "Johann Christof (GER)"]
[Result "1-0"]
[WhiteElo "2515"]
[BlackElo "2202"]

1.c4 g6 2.Nc3 Bg7 3.g3 d6 4.Bg2 Nc6 5.d3 e5 6.e4 Nge7 7.Nge2 O-O 8.O-O Be6
9.Nd5 h6 10.f4 f5 11.fxe5 dxe5 12.Nec3 Qd7 13.Be3 Nd4 14.Qd2 Kh7 15.Rae1 Ng8
16.exf5 Bxf5 17.Bxd4 exd4 18.Ne4 Bxe4 19.Bxe4 Nf6 20.Nxf6+ Bxf6 21.Bxb7 Bg5
22.Qg2 Rxf1+ 23.Rxf1 Rb8 24.Bd5 Qg4 25.Rf7+ Kh8 26.Qf1 Qc8 27.h4 {#r} 1-0

[Event "Ch Azerbaijan"]
[Site "Baku (Azerbaijan)"]
[Round "0"]
[White "Allahverdiev Anar (AZE)"]
[Black "Ibrahimov Rasul (AZE)"]
[Result "0-1"]
[WhiteElo "2455"]
[BlackElo "2365"]

1.c4 e5 2.Nc3 Nc6 3.g3 g6 4.Bg2 Bg7 5.d3 d6 6.Rb1 a5 7.a3 Nf6 8.Nf3 O-O 9.O-O
h6 10.b4 axb4 11.axb4 Be6 12.b5 Ne7 13.Qb3 Qd7 14.Rd1 Bh3 15.d4 Bxg2 16.Kxg2
e4 17.Nd2 e3 18.fxe3 Nf5 19.Nf3 Rae8 20.Nd5 Ne4 21.Rg1 g5 22.b6 c6 23.Nc7 Re7
24.Qd3 g4 25.Nd2 Nexg3 26.e4 Nh5 27.Nb3 Nh4+ 28.Kf1 f5 29.e5 dxe5 30.Nc5 e4
31.Qa3 Qxd4 32.N5e6 Qd1+ 33.Kf2 Qd7 34.Nxf8 Bxf8 35.Ke1 Nf3+ 36.Kf2 Nxg1
37.Kxg1 Qd1+ 38.Kf2 e3+ {#R} 0-1

[Event "It (open) \"]
[Site "Berlin (Germany)"]
[Round "1"]
[White "Nei Iivo (EST)"]
[Black "Aurlund Kjell (NOR)"]
[Result "1-0"]
[WhiteElo "2365"]
[BlackElo "2012"]

1.c4 e5 2.Nc3 Nc6 3.g3 g6 4.Bg2 Bg7 5.d3 d6 6.f4 Nge7 7.Nf3 O-O 8.O-O Bd7
9.Bd2 a6 10.a3 Qc8 11.Rf2 Kh8 12.Rc1 Bg4 13.e3 h5 14.Qf1 Bxf3 15.Bxf3 exf4
16.gxf4 Nf5 17.Be2 Re8 18.Rf3 Nce7 19.Rh3 c6 20.b4 Qe6 21.Ne4 Bb2 22.Rc2 Bg7
23.Ng5 {#r} 1-0

[Event "It (open)"]
[Site "Bratto (Italy)"]
[Round "0"]
[White "Capece Adolivio (ITA)"]
[Black "Satta Vladimiro (ITA)"]
[Result "0-1"]
[WhiteElo "2043"]
[BlackElo "2225"]

1.c4 e5 2.Nc3 d6 3.g3 g6 4.Bg2 Bg7 5.d3 Nc6 6.Rb1 a5 7.a3 Nf6 8.Bg5 h6 9.Bd2
O-O 10.e3 Be6 11.Nd5 Qd7 12.Ne2 Ne8 13.b4 axb4 14.axb4 Bh3 15.O-O Nd8 16.Bc3
Bxg2 17.Kxg2 Ne6 18.f4 f5 19.Qb3 Kh7 20.Ra1 Rxa1 21.Rxa1 Qd8 22.b5 c6 23.bxc6
bxc6 24.Ba5 Qd7 25.Nb6 Qb7 26.Rb1 Rf7 27.Bd2 Nc5 28.Qc2 Qa6 29.d4 exd4 30.exd4
Ne4 31.Be3 Rb7 32.c5 dxc5 33.dxc5 N8f6 34.Nd4 Ng4 35.Bg1 Bf8 36.Ne6 Bg7 37.h3
Nef6 38.Nd4 {#R} 0-1

[Event "It (b)"]
[Site "Budapest (Hungary)"]
[Round "1"]
[White "Pham Minh Hoang (VIE)"]
[Black "Toth Andras (HUN)"]
[Result "1-0"]
[WhiteElo "2245"]
[BlackElo "2330"]

1.c4 g6 2.Nc3 Bg7 3.g3 e5 4.Bg2 Nc6 5.d3 d6 6.f4 h5 7.Nf3 h4 8.gxh4 Nd4 9.e3
Nxf3+ 10.Qxf3 Qxh4+ 11.Qg3 exf4 12.exf4 Ne7 13.Qxh4 Rxh4 14.Bd2 Bg4 15.h3 Bh5
16.O-O g5 17.Rae1 Kd7 18.fxg5 Bg6 19.Be3 Nf5 20.Bf2 Rh5 21.Ne4 Rg8 22.Bf3 Bh8
23.Bg4 Kd8 24.Bxa7 Nd4 25.Kg2 b6 26.Nxd6 Ne6 27.Nxf7+ Bxf7 28.Rxf7 Nxg5
29.Rd7+ {#r} 1-0

[Event "It (cat.9)"]
[Site "Buenos Aires (Argentina)"]
[Round "8"]
[White "Rojas Luis (CHI)"]
[Black "Fiorito Fabian (ARG)"]
[Result "0-1"]
[WhiteElo "2440"]
[BlackElo "2425"]

1.c4 g6 2.Nc3 Bg7 3.g3 d6 4.Bg2 e5 5.d3 Nc6 6.e4 h5 7.h4 Bg4 8.f3 Be6 9.Nh3
Nd4 10.O-O Ne7 11.Ng5 Bc8 12.Be3 c6 13.Qd2 f6 14.Nh3 Be6 15.Rae1 Qd7 16.Kh2
O-O-O 17.Bxd4 exd4 18.Ne2 c5 19.Nhf4 Bh6 20.Qc2 Kb8 21.Nxe6 Qxe6 22.Bh3 Qg8
23.f4 g5 24.fxg5 fxg5 25.Rf6 gxh4 26.gxh4 Bg7 27.Be6 Qh7 28.Rf7 Be5+ 29.Kh3
Qh6 30.Nxd4 cxd4 31.Rxe7 Qf6 {#R} 0-1

[Event "It (open)"]
[Site "Cappelle la Grande (France)"]
[Round "4"]
[White "Miezis Normunds (LAT)"]
[Black "Klinova Masha (ISR)"]
[Result "1-0"]
[WhiteElo "2515"]
[BlackElo "2395"]

1.c4 e5 2.Nc3 Nc6 3.g3 g6 4.Bg2 Bg7 5.d3 d6 6.Nd5 Nge7 7.Bg5 h6 8.Bf6 O-O 9.e3
Bxf6 10.Nxf6+ Kg7 11.Nd5 Nxd5 12.cxd5 Ne7 13.d4 c6 14.dxc6 Nxc6 15.Ne2 Qb6
16.Qd2 exd4 17.Nxd4 Nxd4 18.Qxd4+ Qxd4 19.exd4 Be6 20.Kd2 Rac8 21.Rhc1 b6
22.Bc6 Rc7 23.d5 Bg4 24.b4 f5 25.Rc3 f4 26.f3 Bh3 27.Re1 h5 28.a4 g5 29.Rg1
Kg6 {#r} 1-0

[Event "It (open) \"]
[Site "Copenhagen (Denmark)"]
[Round "3"]
[White "Adamski Jan (POL)"]
[Black "Vihinen Teemu (FIN)"]
[Result "1-0"]
[WhiteElo "2335"]
[BlackElo "2137"]

1.c4 e5 2.g3 Nc6 3.Bg2 g6 4.Nc3 Bg7 5.d3 d6 6.e4 Nge7 7.Nge2 O-O 8.O-O Bg4
9.h3 Be6 10.Nd5 Qd7 11.Kh2 Nd8 12.Bg5 f6 13.Be3 c6 14.Nxe7+ Qxe7 15.Rc1 f5
16.Qd2 Nf7 17.exf5 gxf5 18.f4 h5 19.Bf3 h4 20.Rg1 Kh7 21.Rcf1 Rg8 22.g4 Nh8
23.gxf5 Bxf5 24.Rg5 Bg6 25.f5 Bf7 26.Rxg7+ Kxg7 27.Nc3 d5 28.cxd5 cxd5 29.Bxd5
Qd7 30.Bh6+ Kf6 31.Ne4+ Ke7 32.Bg5+ Kf8 33.Qb4+ Kg7 34.Bf6+ Kh7 35.Qe1 Rg3
36.Bxh4 Bxd5 37.Nf6+ Kh6 38.Qxg3 {#r} 1-0

[Event "Zt (w)"]
[Site "Dresden (Germany)"]
[Round "9"]
[White "Borek Jutta (AUT)"]
[Black "Klinova Masha (ISR)"]
[Result "0-1"]
[WhiteElo "2100"]
[BlackElo "2395"]

1.c4 e5 2.Nc3 Nc6 3.g3 g6 4.Bg2 Bg7 5.d3 d6 6.e3 f5 7.Nge2 Nf6 8.Rb1 a5 9.a3
O-O 10.O-O Ne7 11.f4 c6 12.h3 exf4 13.gxf4 d5 14.c5 h6 15.b4 Be6 16.Nd4 Bf7
17.Bb2 axb4 18.axb4 Qc7 19.Qd2 Rfe8 20.Ra1 Rxa1 21.Rxa1 g5 22.Nce2 g4 23.Ng3
Qd7 24.Ra7 Nh5 25.Nxh5 Bxh5 26.Nb3 Nc8 27.Ra8 gxh3 28.Bxh3 Bxb2 29.Qxb2 Rxe3
30.Qg2+ Bg4 31.Bxg4 fxg4 32.Nd4 Kh7 33.f5 Qg7 34.Rxc8 Qxd4 35.Rc7+ Re7+ {#R}
0-1

[Event "It (open) (a)"]
[Site "Eforie Nord (Romania)"]
[Round "0"]
[White "Minescu O"]
[Black "Stefirtsa Vsevolod"]
[Result "0-1"]
[WhiteElo "2180"]
[BlackElo "2100"]

1.g3 e5 2.c4 Nc6 3.Bg2 g6 4.Nc3 Bg7 5.d3 d6 6.e3 Be6 7.Nge2 Qd7 8.h3 Nge7
9.Nd5 Nd8 10.e4 c6 11.Nxe7 Qxe7 12.O-O O-O 13.Be3 Qd7 14.Kh2 d5 15.Rc1 d4
16.Bd2 f5 17.exf5 gxf5 18.f4 e4 19.dxe4 fxe4 20.Bxe4 Bxh3 21.Re1 Bf5 22.Ng1
Bxe4 23.Rxe4 Nf7 24.Qf3 Ng5 25.fxg5 Rxf3 26.Nxf3 Re8 27.Rxe8+ Qxe8 28.Re1 Qf7
29.Bf4 Qxc4 30.b3 Qc2+ 31.Kg1 d3 32.g6 hxg6 33.Ng5 d2 34.Re8+ Bf8 35.Bxd2 Qxd2
36.Ne6 Kf7 37.Rxf8+ Kxe6 {#R} 0-1

[Event "Ch England (team) 1997/98"]
[Site "England"]
[Round "11"]
[White "Thompson Ian D (ENG)"]
[Black "Bellin Jana (ENG)"]
[Result "1-0"]
[WhiteElo "2285"]
[BlackElo "2170"]

1.c4 e5 2.Nc3 Nc6 3.g3 g6 4.Bg2 Bg7 5.d3 d6 6.Rb1 a5 7.a3 f5 8.b4 axb4 9.axb4
Nf6 10.b5 Ne7 11.e3 O-O 12.Nge2 Kh8 13.Qb3 Qe8 14.O-O g5 15.f4 h6 16.d4 e4
17.b6 c6 18.d5 Nd7 19.Ba3 c5 20.Nb5 Qh5 21.Rfc1 Ra6 22.Nxd6 Rxb6 23.Qxb6 Nxb6
24.Rxb6 Ng8 25.Bxc5 Rd8 26.g4 Qh4 27.Rf1 Kh7 28.gxf5 Nf6 29.Nxe4 Nxe4 30.Bxe4
Re8 31.Bd3 Qg4+ 32.Ng3 gxf4 33.f6+ Kg8 34.f7+ {#r} 1-0